000 01760cam a2200229 4500
001 L130086
008 050621n2005 000 0 eng u
035 _a(Sirsi) u130086
041 _aeng
110 _aDEFRA
245 _aFlood risk assessment guidance for new development
260 _c2005
490 _aTechnical Report
_vTR1
490 _aTechnical Report
_vTR2
520 _aThese two DEFRA/Environment Agency (EA) research and development technical reports are derived from the flood risk assessment guidance for new development research and development project (FD2320). This is part of the joint DEFRA/EA research and development programme for flood and coastal defence under the theme of risk evaluation and understanding uncertainty. The project provides guidance on the assessment of flood risk and its mitigation to assist with the regulation and planning of new developments in England and Wales and defines what is an appropriate assessment of flood risk at all scales of decision-making and for all types of development. "Technical report 1 (TR1)" provides an overview of the framework, guidance and tools developed as part of the project it is intended as an introduction to the framework for those using it for the first time. "Technical report 2 (TR2)" provides full documentation and tools developed as part of the project.
590 _aIKA040705
690 _aENVIRONMENTAL AND LAND CONSULTANCY-PLANNING AND DEVELOPMENT
690 _aENVIRONMENTAL AND LAND CONSULTANCY-WATER RESOURCE MANAGEMENT-FLOODING
710 _aEngland and Wales
_bEnvironment Agency
_92469
856 _uhttps://www.hydres.co.uk/tools/FD2320%20TR1%20FINAL%20Jan%2006.pdf
_zView the technical reports free of charge at .www.hydres.co.uk
942 _n0
999 _c104341
_d104341